The little dragon betty neels (Record no. 832625)

MARC details
000 -LEADER
fixed length control field 00439nam a2200169Ia 4500
008 - FIXED-LENGTH DATA ELEMENTS--GENERAL INFORMATION
fixed length control field 110201s9999 xx 000 0 und d
082 ## - DEWEY DECIMAL CLASSIFICATION NUMBER
Item number B7058
Classification number E 278
100 ## - MAIN ENTRY--PERSONAL NAME
Personal name Betty Neels
245 ## - TITLE STATEMENT
Title The little dragon betty neels
260 ## - PUBLICATION, DISTRIBUTION, ETC. (IMPRINT)
Name of publisher, distributor, etc Mills and Boon Limited
365 ## - TRADE PRICE
Price amount 0
600 ## - SUBJECT ADDED ENTRY--PERSONAL NAME
Personal name Betty Neels
630 ## - SUBJECT ADDED ENTRY--UNIFORM TITLE
Uniform title The little dragon betty neels
700 ## - ADDED ENTRY--PERSONAL NAME
Personal name Betty Neels
730 ## - ADDED ENTRY--UNIFORM TITLE
Uniform title The little dragon betty neels
942 ## - ADDED ENTRY ELEMENTS (KOHA)
Koha item type Book
Holdings
Withdrawn status Lost status Damaged status Not for loan Home library Current library Date acquired Cost, normal purchase price Total Checkouts Barcode Date last seen Cost, replacement price Price effective from Koha item type
        Prof.Manikrao Kirtane Vachanalaya, Vashi, Navi Mumbai Prof.Manikrao Kirtane Vachanalaya, Vashi, Navi Mumbai 02/01/2011 0.00   PMKV-B7058 02/01/2011 0.00 02/01/2011 Book